000 00680nam a2200217Ii 4500
003 JO-AjNU
008 230605s9999||||xx |||||||||||||| ||und||
017 _a2004/3/573
040 _aJO-AjNU
_bara
_erda
_cJO-AjNU
041 _aara
050 1 4 _aRJ101.T3582 2003
100 3 _aالطيبي ، عكاشة عبدالمنان,
_eauthor
_98864
245 0 0 _aالتنشئة الصحية للطفل
250 _aط1
264 3 1 _aعمان:دار الاخوة للنشر ، 2003
300 _a192ص
336 _atext
_btxt
_2rdacontent
337 _aunmediated
_bn
_2rdamedia
338 _avolume
_bnc
_2rdacarrier
650 4 _aالرعاية الصحية - الاطفال
_98865
999 _aA1006
_c4574
_d4574